Statistics for birds of the UK:extreme

Click here to take the quiz!

General Stats

  • This quiz has been taken 88 times
  • The average score is 10 of 15

Answer Stats

Answer% Correct
osprey
94%
curlew
83%
jay
83%
hawfinch
82%
nuthatch
82%
lapwing
77%
redpoll
77%
crossbill
67%
pink-footed goose
65%
whitethroat
56%
marsh harrier
55%
little-ringed-plover
50%
king eider
47%
spotted redshank
41%
lady amherst’s pheasant
15%

Score Distribution

Percentile by Number Answered

Percent of People with Each Score

Your Score History

You have not taken this quiz